[Event "Kingston Easter U1600"]
[Site "Kingston"]
[Date "2019.04.22"]
[Round "8.40"]
[White "Hua, Gary"]
[Black "Wang, Derek"]
[Result "1-0"]
[WhiteElo "1582"]
[BlackElo "1459"]
[PlyCount "161"]
[EventDate "2019.04.18"]
[EventType "swiss"]
[EventRounds "9"]
[EventCountry "CAN"]
[SourceTitle "EXT 2022"]
[Source "ChessBase"]
[SourceDate "2021.10.06"]
[SourceVersion "1"]
[SourceVersionDate "2021.10.06"]
[SourceQuality "1"]

1. c4 Nf6 2. g3 c6 3. Bg2 e6 4. b3 d5 5. Bb2 Be7 6. e3 Qb6 7. cxd5 exd5 8. Ne2 Be6 9. 0-0 0-0 10. Nbc3 Nbd7 11. Na4 Qa6 12. Re1 b5 13. Nac3 Nc5 14. d4 Nce4 15. Nxe4 dxe4 16. Nf4 Bf5 17. Qc2 Rac8 18. Rec1 Rfd8 19. Qe2 Qb6 20. h3 c5 21. g4 Bg6 22. Nxg6 hxg6 23. dxc5 Rxc5 24. Rxc5 Qxc5 25. Bd4 Qd5 26. Bxa7 Qd3 27. Qxd3 exd3 28. Bd4 Bb4 29. Rd1 d2 30. a3 Bxa3 31. Rxd2 Bc5 32. Bc3 Rc8 33. Rd3 Be7 34. g5 Nh7 35. h4 f6 36. f4 Kf7 37. Bd5+ Kf8 38. Kg2 Rd8 39. Kf3 b4 40. Bd2 f5 41. Bc4 Rxd3 42. Bxd3 Ke8 43. e4 fxe4+ 44. Bxe4 Kf7 45. Bd5+ Ke8 46. Ke4 Bd6 47. Kd4 Ke7 48. Kc4 Nf8 49. Bxb4 Nd7 50. Bxd6+ Kxd6 51. Be4 Nf8 52. b4 Ne6 53. Bxg6 Nxf4 54. Bc2 Kc6 55. b5+ Kb6 56. Be4 Ne6 57. Bc6 Nf8 58. Be8 Ne6 59. Kd3 Nf4+ 60. Ke4 Ne6 61. Ke5 Nc7 62. Bc6 g6 63. Kf6 Nxb5 64. Bxb5 Kxb5 65. Kxg6 Kc6 66. Kf7 Kd7 67. g6 Kd8 68. g7 Kd7 69. g8Q Kd6 70. Qe8 Kd5 71. Kf6 Kd4 72. Kf5 Kd5 73. Qd7+ Kc5 74. Ke5 Kc4 75. Qd4+ Kb3 76. Qc5 Kb2 77. Kd4 Kb3 78. Qc3+ Ka4 79. Qb2 Ka5 80. Kc5 Ka4 81. Qb4# 1-0